Using the botanical insecticide to control insect pest on green mustard inexperimental station of royal university of agriculture,(ការប្រើប្រាស់ថ្នំាផ្សំពីរុក្ខជាតិក្នុងការកំចាត់ សត្វចង្រៃ លើដំណាំស្ពៃចង្កឹះ នៅស្ថានីយ៍ពិសោធន៍ដំណាំ នៃសាកលវិទ្យាល័យភូមិន្ទកសិកម្ម) (Record no. 740)
[ view plain ]
| 000 -LEADER | |
|---|---|
| fixed length control field | 00852nam a22001577a 4500 |
| 003 - CONTROL NUMBER IDENTIFIER | |
| control field | OSt |
| 005 - DATE AND TIME OF LATEST TRANSACTION | |
| control field | 20150918151428.0 |
| 008 - FIXED-LENGTH DATA ELEMENTS--GENERAL INFORMATION | |
| fixed length control field | 150918b xxu||||| |||| 00| 0 eng d |
| 040 ## - CATALOGING SOURCE | |
| Transcribing agency | RUA |
| 082 ## - DEWEY DECIMAL CLASSIFICATION NUMBER | |
| Classification number | AGR PRA |
| 100 ## - MAIN ENTRY--PERSONAL NAME | |
| 9 (RLIN) | 775 |
| Personal name | PRAK VUTHEA |
| 245 ## - TITLE STATEMENT | |
| Title | Using the botanical insecticide to control insect pest on green mustard inexperimental station of royal university of agriculture,(ការប្រើប្រាស់ថ្នំាផ្សំពីរុក្ខជាតិក្នុងការកំចាត់ សត្វចង្រៃ លើដំណាំស្ពៃចង្កឹះ នៅស្ថានីយ៍ពិសោធន៍ដំណាំ នៃសាកលវិទ្យាល័យភូមិន្ទកសិកម្ម) |
| 260 ## - PUBLICATION, DISTRIBUTION, ETC. (IMPRINT) | |
| Place of publication, distribution, etc. | phnom penh |
| Name of publisher, distributor, etc. | RUA |
| Date of publication, distribution, etc. | 2005 |
| 300 ## - PHYSICAL DESCRIPTION | |
| Extent | xi,38p. |
| Dimensions | ill. |
| Size of unit | 29cm. |
| 942 ## - ADDED ENTRY ELEMENTS (KOHA) | |
| Source of classification or shelving scheme | |
| Koha item type | AGR |
No items available.